header

Culture on the margins (Record no. 11699)

MARC details
000 -LEADER
fixed length control field 01360nam a2200325 a 4500
082 04 - DEWEY DECIMAL CLASSIFICATION NUMBER
Classification number 782.25/3
100 1# - MAIN ENTRY--AUTHOR NAME
Personal name Cruz, Jon.
245 10 - TITLE STATEMENT
Title Culture on the margins
260 ## - PUBLICATION, DISTRIBUTION, ETC. (IMPRINT)
Place of publication Princeton, N.J. :
Name of publisher Princeton University Press,
Year of publication c1999.
300 ## - PHYSICAL DESCRIPTION
Number of Pages x, 288 p.
650 #0 - SUBJECT ADDED ENTRY--TOPICAL TERM
Topical Term Spirituals (Songs)
Topical Term African Americans
Topical Term Culture
856 40 - ELECTRONIC LOCATION AND ACCESS
Uniform Resource Identifier http://site.ebrary.com/lib/rucke/Doc?id=10015428

No items available.

© 2026 Rongo University
Contact us: librarian | system librarian | Rongo university